Animal le plus lourd - Statistiques

Statistiques générales
  • Ce quiz a été pris 996 fois
  • Le résultat moyen est 9 sur 14
Statistiques - réponses
Question Réponse % Correct
Quel animal pèse le plus lourd ?
90%
Quel animal pèse le plus lourd ?
89%
Quel animal pèse le plus lourd ?
83%
Quel animal pèse le plus lourd ?
81%
Quel animal pèse le plus lourd ?
72%
Quel animal pèse le plus lourd ?
71%
Quel animal pèse le plus lourd ?
63%
Quel animal pèse le plus lourd ?
61%
Quel animal pèse le plus lourd ?
45%
Quel animal pèse le plus lourd ?
44%
Quel animal pèse le plus lourd ?
44%
Quel animal pèse le plus lourd ?
43%
Quel animal pèse le plus lourd ?
42%
Quel animal pèse le plus lourd ?
36%
Aucun quiz correspondant
Distribution des résultats
% des personnes avec chaque résultat
Percentile par nombre de réponses
Votre historique - résultats
Vous n’avez pas pris ce quiz